Online
Catalog

Cuentos de misterio / (Record no. 27470)

MARC details
000 -CABECERA
campo de control de longitud fija 00647nam a2200205 a 4500
001 - NÚMERO DE CONTROL
campo de control 000027978
005 - FECHA Y HORA DE LA ÚLTIMA TRANSACCIÓN
campo de control 20200930031241.0
008 - DATOS DE LONGITUD FIJA--INFORMACIÓN GENERAL
campo de control de longitud fija 110406s1991 ec 000 0 spa d
020 ## - NÚMERO INTERNACIONAL ESTÁNDAR DEL LIBRO
Número Internacional Estándar del Libro 9978801073
040 ## - FUENTE DE LA CATALOGACIÓN
Centro catalogador/agencia de origen DO-SdBNP
Lengua de catalogación spa
Centro/agencia transcriptor BNPHU
082 ## - NÚMERO DE LA CLASIFICACIÓN DECIMAL DEWEY
Número de clasificación xxxx
Número de documento/Ítem xxxx
100 1# - ENTRADA PRINCIPAL--NOMBRE DE PERSONA
Nombre de persona Poe, Edgar Allan
9 (RLIN) 55039
245 10 - MENCIÓN DE TÍTULO
Título Cuentos de misterio /
Mención de responsabilidad, etc. Edgar Allan Poe, introducción y notas Rocío Castro Ponte.
260 ## - PUBLICACIÓN, DISTRIBUCIÓN, ETC.
Lugar de publicación, distribución, etc. Quito, Ecuador :
Nombre del editor, distribuidor, etc. Libresa,
Fecha de publicación, distribución, etc. 1991.
300 ## - DESCRIPCIÓN FÍSICA
Extensión 278 p. : ;
Dimensiones 21 cm.
490 1# - MENCIÓN DE SERIE
Mención de serie Antares
Designación de volumen o secuencia 60
500 ## - NOTA GENERAL
Nota general La biblioteca posee la cuarta reimpresión
700 12 - PUNTO DE ACCESO ADICIONAL--NOMBRE DE PERSONA
Nombre de persona Castro Ponte, Rocío
Término indicativo de función/relación intr.
9 (RLIN) 55040
830 #0 - PUNTO DE ACCESO ADICIONAL DE SERIE-TÍTULO UNIFORME
Título uniforme Antares
Designación de volumen o secuencia 60
9 (RLIN) 11341
Holdings
Estado de retiro Estado de pérdida Restricciones de uso No para préstamo Código de colección Localización permanente Ubicación/localización actual Ubicación en estantería Fecha de adquisición Número de inventario Total de préstamos Signatura topográfica completa Código de barras Fecha visto por última vez Precio válido a partir de Tipo de ítem Koha
      Excluido de préstamo Monografías: Libros y Folletos General General En catalogación 06.04.2011 LF1   xxxx xxxx 27978-10 25.06.2020 25.06.2020 No se presta

Powered by Koha